Kumpulan karangan terpilih

Bibliographic Details
Main Author: Prawiranegara, Sjafruddin (Author)
Format: Book
Published: Jakarta : Inti Idayu Press , 1986
Subjects:

MARC

LEADER 00000cam a2200000 7i4500
001 0000004575
005 20040315093000.0
008 021118s1986
090 0 0 |a BP165   |b .P729 
100 0 |a Prawiranegara, Sjafruddin ,   |e author 
245 0 0 |a Kumpulan karangan terpilih   |c Sjafruddin Prawiranegara 
260 2 |a Jakarta :   |b Inti Idayu Press ,   |c 1986 
300 |a xxxiv, 282 ms. ;   |c 2 1 sm. 
500 |a Kandungan: j.1 : Islam sebagai pedoman hidup 
650 0 |a Islam 
999 |a 1000005636   |b Book   |c OPEN SHELF (30 DAYS)   |e Gong Badak Campus